Olympic Women's Marathon Medal Winning Countries - Statistics

General Stats
  • This quiz has been taken 117 times
  • The average score is 8 of 13
Answer Stats
Answer % Correct
United States
99%
Ethiopia
96%
Kenya
96%
China
83%
Japan
83%
Russia
79%
Australia
65%
Soviet Union
62%
East Germany
42%
Portugal
41%
New Zealand
37%
Norway
32%
Romania
24%
No matching quizzes found
Score Distribution
Percent of People with Each Score
Percentile by Number Answered
Your Score History
You have not taken this quiz